| 000 | 01418cam a2200457 4500 | ||
|---|---|---|---|
| 003 | PE-LiUPU | ||
| 005 | 20250731173539.0 | ||
| 020 | _a0805461442 | ||
| 035 | _a(Sirsi) i9780805461442 | ||
| 035 | _a(Sirsi) 19521 | ||
| 035 | _a(Sirsi) 19521 | ||
| 041 | _aen | ||
| 044 | _aus | ||
| 082 | 0 | 4 |
_a262.0017 _bG51 |
| 100 | 1 | _aMartin, Glen | |
| 245 | _aPower House. | ||
| 264 | 1 |
_aNashville, Tennessee : _bBroadman Holman Publishers, _c1994 |
|
| 300 |
_a225 páginas ; _c24 cm. |
||
| 504 | _aIncluye bibliografía | ||
| 505 | 0 | _aDrawing closer -- God's standard -- Evaluating a church's readiness -- The first steps for all churches -- The promising church -- The progressing church -- The productive church | |
| 526 | _aSEG42 | ||
| 526 | _aSEG41 | ||
| 526 | _aSEG40 | ||
| 526 | _aSEG39 | ||
| 526 | _aP94 | ||
| 526 | _aP87 | ||
| 526 | _aP86 | ||
| 526 | _aP85 | ||
| 526 | _aP77 | ||
| 526 | _aP76 | ||
| 526 | _aP35 | ||
| 650 | _jIGLESIA RENOVADA | ||
| 700 | 1 | _aGinter, Dian | |
| 942 |
_2ddc _cBOOK |
||
| 949 |
_a262.0017 G51 _i42538 _lPOSTGRADO _mBUL _tLIBRO _o.STAFF. Posgrado |
||
| 859 |
_q42538 _h262.0017 _iG51 |
||
| 910 | _aaj-mt | ||
| 596 | _a1 | ||
| 999 |
_a262.0017 G51 _wDEWEY _c60369 _i42538 _f2021-11-10 _g5 _lCCODEBUL1 _mBUL _r0 _sY _tBOOK _u2015-6-16 _xTEOLOGIA _zUNKNOWN _0COMPRA _o.STAFF. Colección General _d60369 |
||
| 980 |
_81 _gALBERTO SANCHEZ Responsable de Automatización |
||